000 01122nam a22002777a 4500
005 20110127111440.0
008 110127t xxu||||| |||| 00| 0 hin d
010 _aHIN-91667
020 _c300.00
_a9788128827761
035 _aHN-64013
037 _bDBAD / PUB
040 _aDPL
_bHN
082 _a
100 _925632
_aमहिप सिंह
245 _a(इक्कीस) 21 श्रेष्ठ कहानियां /
_cमहिप सिंह
246 _a21 Sresth Kahaniyan
_bby Mahip Singh
260 _aगाजियाबाद
_bनीरा प्रकाशन
_c2010
270 _aके-जी-63, न्यू कवि नगर
_bगाजियाबाद (उ.प्र.)
300 _a191पृ.
_c22सेमी (सजिल्द)
650 _9657
_aलघु कथाएँ, हिन्दी
650 _925656
_aHindi Fiction
700 _925634
700 _925670
942 _2ddc
_cHN
_h
_mमहिप
999 _c50180
_d50180